Denmark at the Eurovision Song Contest - Statistics

General Stats
  • This quiz has been taken 108 times
    7 since last reset
  • The average score is 20 of 54
Answer Stats
Year Song Artist % Correct
1957 Skibet skal sejle i nat Birthe Wilke & Gustav Winckler
67%
2013 Only teardrops Emmelie De Forest
67%
2021 Øve os på hinanden Fyr & Flamme
67%
2000 Fly on the wings of love Olsen Brothers
67%
2018 Higher ground Rasmussen
67%
2026 Før vi går hjem Søren Torpegaard Lund
67%
1979 Disco tango Tommy Seebach
67%
1993 Under stjernerne på himlen Tommy Seebach Band
67%
1981 Krøller eller ej Tommy Seebach & Debbie Cameron
67%
2014 Cliche love song Basim
50%
1989 Vi maler byen rød Birthe Kjær
50%
1959 Uh jeg ville ønske jeg var dig Birthe Wilke
50%
1963 Dansevise Grethe & Jørgen Ingmann
50%
1960 Det var en yndig tid Katy Bødtger
50%
1958 Jeg rev et blad ud af min dagbog Raquel Rastenni
50%
2023 Breaking my heart Reiley
50%
2024 Sand Saba
50%
2025 Hallucination Sissal
50%
2011 New tomorrow A Friend In London
33%
2017 Where I am Anja Nissen
33%
1980 Tænker altid på dig Bamses Venner
33%
1964 Sangen om dig Bjørn Tidmand
33%
1982 Video video Brixx
33%
1961 Angelique Dario Campeotto
33%
1962 Vuggevise Ellen Winther
33%
1983 Kloden drejer Gry Johansen
33%
1984 Det' lige det Hot Eyes
33%
1985 Sku' du spørg' fra no'en Hot Eyes
33%
1988 Ka' du se hva' jeg sa'? Hot Eyes
33%
2019 Love is forever Leonora
33%
2016 Soldiers of love Lighthouse X
33%
1986 Du er fuld af løgn Lise Haavik
33%
1978 Boom boom Mabel
33%
2009 Believe again Niels Brinck
33%
2022 The show Reddi
33%
2001 Never ever let you go Rollo & King
33%
2006 Twist of love Sidsel Ben Semmane
33%
1966 Stop - mens legen er go' Ulla Pia
33%
1991 Lige der hvor hjertet slår Anders Frandsen
17%
1987 En lille melodi Anne-Cathrine Herdorf & Bandjo
17%
2015 The way you are Anti Social Media
17%
1995 Fra Mols til Skagen Aud Wilken
17%
1965 For din skyld Birgit Brüel
17%
2010 In a moment like this Chanée & N'evergreen
17%
2007 Drama queen DQ
17%
2005 Talking to you Jakob Sveistrup
17%
1997 Stemmen i mit liv Kølig Kaj
17%
1990 Hallo hallo Lonnie Devantier
17%
1992 Alt det som ingen ser Lotte Nilsson & Kenny Lübcke
17%
2002 Tell me who you are Malene Mortensen
17%
1999 This time I mean it Michael Teschl & Trine Jepsen
17%
2008 All night long Simon Mathew
17%
2012 Should've known better Soluna Samay
17%
2004 Shame on you Tomas Thordarson
17%
No matching quizzes found
Score Distribution
Percent of People with Each Score
Percentile by Number Answered
Your Score History
You have not taken this quiz since the last reset